Sustainable Agricultural Marketing and Agribusiness Development: An African Perspective/ (Record no. 50563)

MARC details
000 -LEADER
fixed length control field 00605nam a22001697a 4500
003 - CONTROL NUMBER IDENTIFIER
control field OSt
008 - FIXED-LENGTH DATA ELEMENTS--GENERAL INFORMATION
fixed length control field 260512b |||||||| |||| 00| 0 eng d
020 ## - INTERNATIONAL STANDARD BOOK NUMBER
International Standard Book Number 9781800622524
082 ## - DEWEY DECIMAL CLASSIFICATION NUMBER
Classification number 338.1096
Item number N99S
100 ## - MAIN ENTRY--PERSONAL NAME
Personal name Nyagadza, Brighton
245 ## - TITLE STATEMENT
Title Sustainable Agricultural Marketing and Agribusiness Development: An African Perspective/
Remainder of title edited by Brighton Nyagadza and Tanyaradzwa Rukasha
260 ## - PUBLICATION, DISTRIBUTION, ETC. (IMPRINT)
Place of publication, distribution, etc Wallingford ; Chennai
Name of publisher, distributor, etc : CABI
Date of publication, distribution, etc , 2023.
300 ## - PHYSICAL DESCRIPTION
Extent xiv, 201 p.
650 ## - SUBJECT ADDED ENTRY--TOPICAL TERM
Topical term or geographic name as entry element Economics | Social sciences | Agriculture | Economic aspects
700 ## - ADDED ENTRY--PERSONAL NAME
Personal name Rukasha , Tanyaradzwa
942 ## - ADDED ENTRY ELEMENTS (KOHA)
Source of classification or shelving scheme
Koha item type Books
Holdings
Withdrawn status Lost status Source of classification or shelving scheme Damaged status Not for loan Home library Current library Shelving location Date acquired Source of acquisition Cost, normal purchase price Total Checkouts Full call number Barcode Date last seen Bill Date Koha item type Bill Number
          Dr. Rajendra Prasad Central Agricultural University Pusa, Dr. Rajendra Prasad Central Agricultural University Pusa, General Stacks 12/05/2026 Scientific Publishers (India) 9632.00   338.1096 N99S 87814 12/05/2026 01/02/2026 Books Invoice/SPI/25-26/425
          Dr. Rajendra Prasad Central Agricultural University Pusa, Dr. Rajendra Prasad Central Agricultural University Pusa, General Stacks 12/05/2026 Scientific Publishers (India) 9632.00   338.1096 N99S 87815 12/05/2026 01/02/2026 Books Invoice/SPI/25-26/425
Hosted, Implemented, Customized & Maintained by: BestBookBuddies

Powered by Koha